000
00307nam a2200133Ia 4500
100
_a
Dieter/ G.E.
942
_c
BK
654
_a
Mechanical Metallurgy
245
_a
Mechanical Metallurgy
260
_b
McGraw Hill International
_a
New York
_c
1987
082
_a
620.1
300
_a
751
546
_a
ENGLISH
999
_c
22097
_d
22097